Autocatalytic radical reactions in physiological prosthetic heme modification /

Kaydedildi:
Detaylı Bibliyografya
Yazar: Colas, Christophe.
Diğer Yazarlar: Montellano, Paul R. Ortiz de.
Materyal Türü: Makale
Dil:English
Konular:
Etiketler: Etiketle
Etiket eklenmemiş, İlk siz ekleyin!
Thư viện lưu trữ: Thư viện Trường Đại học Đà Lạt
LEADER 00871nam a2200277 4500
001 DLU110117183
005 ##20101221
040 # # |a DLU  |b eng 
041 # # |a eng 
044 # # |a us 
100 # # |a Colas, Christophe. 
245 # # |a Autocatalytic radical reactions in physiological prosthetic heme modification /  |c Christophe Colas, Paul R. Ortiz de Montellano. 
653 # # |a Biochemical syntheses 
653 # # |a Biochemistry 
653 # # |a Microbiological syntheses 
700 # # |a Montellano, Paul R. Ortiz de.  
773 # # |t Chemical reviews  |g Vol. 103, no. 6 (June 2003), p. 2305-2332 
920 # # |a  Phòng Tạp chí -- Trung tâm Thông tin - Thư viện Trường Đại học Đà Lạt 
994 # # |a DLU 
900 # # |a True 
911 # # |a Trương Bảo Trâm Anh 
925 # # |a G 
926 # # |a A 
927 # # |a BB 
980 # # |a Thư viện Trường Đại học Đà Lạt